| 000 | 00000nam 2200000za 4500 |
| 001 | 9.846609 |
| 003 | CaOODSP |
| 005 | 20221107153238 |
| 007 | cr ||||||||||| |
| 008 | 180501s2013 onc |o f000 0 eng d |
| 040 | |aCaOODSP|beng |
| 043 | |an-cn-ab |
| 086 | 1 |aM159-15/2013E-PDF |
| 245 | 00|aIGCC Front End Engineering Design study |h[electronic resource] / |c[Office of Energy Research and Development]. |
| 260 | |a[Ottawa : |bOffice of Energy Research and Development], |c2013. |
| 300 | |a[1] p. |
| 500 | |aIssued also in French under title: Étude de l’ingénierie de base pour le cycle combiné à gazéification intégrée. |
| 500 | |aCaption title. |
| 500 | |a"Revised March 2013." |
| 520 | |a"Between 2006 and 2010, Capital Power Corporation (CPC), on behalf of the Canadian Clean Power Coalition, performed a Front End Engineering Design (FEED) study for an approximately 240-megawatt (MW) (net) integrated gasification combined cycle (IGCC) facility with carbon dioxide capture. This study was aimed at discovering the true cost and viability of such a facility, which would be built at the existing Genesee Generating Station in Alberta, Canada, approximately 50 kilometres west of Edmonton"--Project description. |
| 692 | 07|2gccst|aElectric power stations |
| 692 | 07|2gccst|aGreenhouse gases |
| 693 | 4|aCarbon dioxide capture |
| 710 | 1 |aCanada. |bNatural Resources Canada. |
| 710 | 1 |aCanada.|bOffice of Energy Research and Development. |
| 775 | 08|tÉtude de l’ingénierie de base pour le cycle combiné à gazéification intégrée |w(CaOODSP)9.856006 |
| 856 | 40|qPDF|s690 KB|uhttps://publications.gc.ca/collections/collection_2018/rncan-nrcan/m159/M159-15-2013-eng.pdf |